Дополнение к 7-му выпуску Руководства для плавания из Кронштадта во Владивосток и обратно. Издания 1904 года. (Красное море с Суэцким каналом) (Запись № 12917457)
[ простой вид ]
| 000 -МАРКЕР | |
|---|---|
| контрольное поле | 02164nam1a2200325 i 4500 |
| 001 - ИДЕНТИФИКАТОР ЗАПИСИ | |
| контрольное поле | RU\NLR\BIBL_A\016281406 |
| 005 - ИДЕНТИФИКАТОР ВЕРСИИ | |
| контрольное поле | 20260407102654.0 |
| 035 ## - ДРУГИЕ СИСТЕМНЫЕ НОМЕРА | |
| Идентификатор записи | (NLR Aleph) 016281406 |
| 100 ## - ДАННЫЕ ОБЩЕЙ ОБРАБОТКИ | |
| Данные общей обработки | 20230201g19061915k a0rusy50 ca |
| 101 0# - ЯЗЫК РЕСУРСА | |
| Язык текста, звукозаписи и т.д. | русский |
| 102 ## - СТРАНА ПУБЛИКАЦИИ ИЛИ ПРОИЗВОДСТВА | |
| Страна публикации | российская федерация |
| 105 ## - ПОЛЕ КОДИРОВАННЫХ ДАННЫХ: ТЕКСТОВЫЕ МАТЕРИАЛЫ, МОНОГРАФИЧЕСКИЕ | |
| Кодированные данные о монографическом текстовом документе | g 000 y |
| 181 #0 - ПОЛЕ КОДИРОВАННЫХ ДАННЫХ: ВИД СОДЕРЖАНИЯ | |
| Код вида содержания (ISBD) | i |
| Код характеристики содержания (ISBD) | axxe |
| 182 #0 - ПОЛЕ КОДИРОВАННЫХ ДАННЫХ: ТИП СРЕДСТВА | |
| Код типа средства (ISBD) | n - непосредственное |
| 200 1# - ЗАГЛАВИЕ И СВЕДЕНИЯ ОБ ОТВЕТСТВЕННОСТИ | |
| Основное заглавие | Дополнение к 7-му выпуску Руководства для плавания из Кронштадта во Владивосток и обратно. Издания 1904 года. (Красное море с Суэцким каналом) |
| Первые сведения об ответственности | издано Главным Гидрографическим Управлением Морского Министерства |
| 203 ## - ВИД СОДЕРЖАНИЯ И ТИП СРЕДСТВА | |
| Вид содержания | Текст |
| Дополнительные сведения об издании | визуальный |
| Тип средства | непосредственный |
| 210 ## - ПУБЛИКАЦИЯ, РАСПРОСТРАНЕНИЕ И ДР. | |
| Место издания, распространения и т.д. | С.-Петербург |
| Имя издателя, распространителя и т. д. | Типография Морского Министерства, в Главном Адмиралтействе |
| Дата издания, распространения и т.д. | 1906-1915 |
| 215 ## - ФИЗИЧЕСКАЯ ХАРАКТЕРИСТИКА | |
| Специфическое обозначение материала и объем | 8 т. |
| Размеры | 24 |
| 316 ## - ПРИМЕЧАНИЯ ОБ ОСОБЕННОСТЯХ ЭКЗЕМПЛЯРА | |
| Текст примечания | Экз. РНБ на шифре 20.48.5.4 (7, доп. 1-7) сплетены в один переплет |
| Организация и экземпляр, к которому относится поле | NLR: 20.48.5.4 (7, доп. 1-7) |
| 422 #0 - ИЗДАНИЕ, К КОТОРОМУ ОТНОСИТСЯ ПРИЛОЖЕНИЕ | |
| Встроенное поле | 2001#$aРуководство для плавания из Кронштадта во Владивосток и обратно$hвып. 7$iКрасное море с Суэцким каналом |
| -- | 210##$aС.-Петербург$cТ-во Р. Голике и А. Вильборг$d1904 |
| -- | 700#1 |
| Заглавие | Руководство для плавания из Кронштадта во Владивосток и обратно |
| Автор | |
| 545 1# - ЗАГЛАВИЕ ЧАСТИ | |
| Заглавие части | Красное море с Суэцким каналом |
| 607 ## - ГЕОГРАФИЧЕСКОЕ НАИМЕНОВАНИЕ КАК ПРЕДМЕТ | |
| Географическое наименование | Красное море |
| Тематический подзаголовок | Лоция |
| Системный номер авторитетной/нормативной записи | 1417283 |
| Идентификатор авторитетной/нормативной записи | RU\NLR\AUTH\66597757 |
| 607 ## - ГЕОГРАФИЧЕСКОЕ НАИМЕНОВАНИЕ КАК ПРЕДМЕТ | |
| Географическое наименование | Суэцкий канал |
| Тематический подзаголовок | Правила плавания |
| Системный номер авторитетной/нормативной записи | 1692226 |
| Идентификатор авторитетной/нормативной записи | RU\NLR\AUTH\661050790 |
| 620 ## - МЕСТО И ДАТА ПУБЛИКАЦИИ, ИСПОЛНЕНИЯ И Т. Д. | |
| Страна | RU |
| Город | Санкт-Петербург |
| 686 1# - ИНДЕКСЫ ДРУГИХ КЛАССИФИКАЦИЙ | |
| Индекс | О471.12,1(931) |
| 711 01 - НАИМЕНОВАНИЕ ОРГАНИЗАЦИИ - АЛЬТЕРНАТИВНАЯ ОТВЕТСТВЕННОСТЬ | |
| Начальный элемент ввода | Россия |
| Структурное подразделение | Главное гидрографическое управление |
| Идентификатор авторитетной/нормативной записи | RU\NLR\AUTH\889931037 |
| Системный номер авторитетной/нормативной записи | 357546 |
| 852 ## - МЕСТОНАХОЖДЕНИЕ И ШИФР ХРАНЕНИЯ | |
| Идентификатор организации | NLR |
| Шифр хранения (Call Number) | 20.48.5.4 (7, доп. 1-7, 8) |
| 942 ## - ДОПОЛНИТЕЛЬНЫЕ ЭЛЕМЕНТЫ ЗАПИСИ (АБИС) | |
| Тип экземпляра АБИС | Книга |
Нет доступных экземпляров.